000 00223nam a2200097Ia 4500
008 240331s9999 xx 000 0 und d
082 _bBHA
100 _aBhasin, Kamla
245 0 _aFomuilating projects with people
942 _cL
999 _c5445
_d5445